000 00584nam a2200217 a 4500
999 _c9553
_d9553
001 9553
003 BD-JhCC
005 20180319125132.0
008 180319s1968 p a|||| || | 001 0 eng d
035 _a(BD-JhCC)9553
040 _aBD-JhCC
_dBD-JhCC
041 _aeng
082 _a954.0250924
_bTAL 1968
100 _aTalbot, F. G.
245 _aMemoties of Babar Emperor of India First of the Great Moghals /
_c F. G. Talbot,
260 _aLahore :
_bThe Book House,
_c1968
300 _a254 p. :
_c22 cm.
650 _aMogul Empire
_zIndia
942 _2ddc
_cBK